| 000 | 00473pam a2200157 a 4500 | ||
|---|---|---|---|
| 020 | _a0834802430 : | ||
| 040 | _cDLC | ||
| 082 | 0 | 0 |
_a370 WEA 1991 A018 Or. _aB |
| 100 | 1 | _aFuruki, Yoshiko. | |
| 245 | 1 | 4 |
_aThe white plum, a biography of Ume Tsuda : _bpioneer in the higher education of Japanese women / |
| 250 | _a1st ed. | ||
| 260 |
_aNew York : _bWeatherhill, _c1991. |
||
| 300 |
_axviii, 180 p. : _bill. (some col.) ; _c24 cm. |
||
| 650 | 0 | _aWomen educators | |
| 942 | _cEK | ||
| 999 |
_c12393 _d12393 |
||